| 000 | 01554cam a22003251 4500 | ||
|---|---|---|---|
| 001 | rc 01003428 | ||
| 003 | DLC | ||
| 005 | 20260227111909.0 | ||
| 007 | cr ||||||||||| | ||
| 007 | cr_||||||||||| | ||
| 008 | 940819r1865 nyu 000 0 eng | ||
| 010 | _arc 01003428 | ||
| 040 |
_aDLC _cCarP _dDLC |
||
| 043 | _an-us-md | ||
| 050 | 0 | 0 |
_aF184 _b.R25 |
| 245 | 0 | 2 |
_aA relation of the successefull beginnings of the Lord Baltemore's plantation in Mary-land; _bbeing an extract of certaine letters written from thence, by some of the aduenturers to their friends in England. Anno Domini 1634. |
| 260 |
_aAlbany, N.Y., _bReprinted by J. Munsell, _c1865. |
||
| 300 |
_a3 p.l., 5-23, 1 p. _c22 cm. |
||
| 440 | 0 |
_aShea's early Southern tracts ; _vno. 1 |
|
| 500 | _a"Edition of 150 copies 4to, 30 copies large paper." | ||
| 500 | _aThis is substantially the same as "A briefe relation of the voyage unto Maryland" by Andrew White, first pub. in Maryland Historical Society's Fund-publication, no. 35. | ||
| 530 | _aAlso available in digital form on the Library of Congress Web site. | ||
| 530 | _aAlso available in digital form on the Internet Archive Web site. | ||
| 651 | 0 |
_aMaryland _xDescription and travel. |
|
| 651 | 0 |
_aMaryland _xHistory _yColonial period, ca. 1600-1775. |
|
| 650 | 0 |
_aIndians of North America _zMaryland. |
|
| 700 | 1 |
_aWhite, Andrew, _d1579-1656. _tBriefe relation of the voyage unto Maryland. |
|
| 856 | 4 | 1 |
_dlhbcb _f03428 _qs _uhttp://hdl.loc.gov/loc.gdc/lhbcb.03428 |
| 856 | 4 | 1 | _uhttp://hdl.loc.gov/loc.gdc/scd0001.00143680058 |
| 999 |
_c52569 _d52569 |
||